00378nam a2200133Ia 4500003000900000008004100009040001600050080001500066100001900081245009300100260003000193300001000223650001100233IN-BaIIA211028s9999 xx 000 0 eng d cIIA Library a535bTEN-1 aTenquist, D.W. 0aUniversity opticsbvol. 1cD. W. Tenquist  aLondonbliffe Booksc1969 a349p. aOptics